00560 2200181 4500001002100000005001500021035002000036245011000056100003500166260004400201300002600245020002200271084001400293082000800307650001000315008004100325990001200366INLIS00000000000269920251007090652 a0010-09250000461 aWirausaha Saja! Menjadi Pribadi Mandiri Dimulai dari Usaha Diri Sendiri /cNoor Shodia A. & Jeni Susyanti aNoor Shodia A. & Jeni Susyanti aJakarta :bEsensi Erlangga Group,c2018 a102 ;c(14,5 x 21 cm) a978-602-6847-61-4 a600 NOO w a600 4aFiksi251007 0  a0754901